000 00909nas a2200265 4500
001 BR2014006802
003 BR-BrBNA
005 20231205124650.0
007 ta
008 230509b bl.|||p| |||| 00| 00por d
040 _aBR-BrBNA
_bpor
_cBiblioteca Nacional de Agricultura
041 _a(En)
072 _aH60; H10
100 1 _aKrinski, D.
100 1 _aMassaroli, A.
245 1 _aNymphicidal effect of vegetal extracts of Anonna mucosa and Anonna crassiflora (Magnoliales, Annonaceae)against rice stalk stink bug, Tibraca limbativentris (Hemiptera, Pentatomidae)
650 _aARATICUM
650 _aBIRIBA
650 _aPERCEVEJO
650 _aINSETICIDA
650 _aCONTROLE BIOLÓGICO
773 0 _tRevista Brasileira de Fruticultura (Brazil)
_xISSN 0100-2945
_g(Feb 2014), v. 36(ed. esp.) p. 217-224
_wBR2014006802
909 _a202311
_bLúcia
_c55
_dLúcia Elande
942 _2AGRIS
_n0
_cANA
999 _c240269
_d240269